000
00271nam a22001217a 4500
020
_a
0-333-13798-1
082
_a
629.046 HEA'B
100
_a
BROOKS, R
_9
76042
245
_a
HEAVY VEHICLE TECHNOLOGY
260
_a
LONDON
_b
MACMILLAN
_c
1972
300
_a
360P
942
_c
BK
999
_c
581443
_d
581443